00502nam a2200193Ia 4500008004100000020001800041050001400059100002100073245002200094245006300116260001500179260001600194260000900210300001400219300002700233300001000260440003000270500000800300170918s9999 xx 000 0 und d a9780439667623 bB852 2004 aBridwell, Norman aTime for school / cNorman Bridwell and Gail Herman ; illustrated by Jim Durk. aNew York : bScholastic, c2004 aunpaged : bcolored illustration ; c23cm. aClifford the big red dog. a330